banner-ar

صناعة الجبر لديوفنطس / (Record no. 46992)

MARC details
000 -الفاتح
حقل البيانات ثابتة الطول 00602nam a2200193Ia 4500
005 - وقت وتاريخ اخر تعامل مع التسجيلة
رقم الضبط 20240530104356.0
008 - عناصر البيانات ثابتة الطول - معلومات عامة
حقل البيانات ثابتة الطول 140319s9999 xx 000 0 ara d
040 ## - مصدر الفهرسة
وكالة الفهرسة الأصلية GCL /
وكالة النسخ GCL
082 04 - رقم تصنيف ديوى العشرى
رقم التصنيف 512.001
رقم المادة ق ص
245 00 - بيان العنوان
العنوان صناعة الجبر لديوفنطس /
بيان المسئوليه,etc ترجمة قسطا بن لوقا ؛ تحقيق رشدى راشد
300 ## - الوصف المادى
التعداد 161 ص
490 ## - بيان السلسلة
عنوان السلسلة التراث العلمى العربى
رقم المجلد/ التعيين التسلسلي 0
650 04 - المدخل الاضافى بالموضوع-مصطلح موضوعى
مصطلح موضوعي الجبر
650 04 - المدخل الاضافى بالموضوع-مصطلح موضوعى
مصطلح موضوعي التحليل العددى
650 04 - المدخل الاضافى بالموضوع-مصطلح موضوعى
مصطلح موضوعي نظرية ديوفنطس
700 1# - المدخل الاضافى - اسم شخصى
الإسم الشخصى رشدى راشد
الدور محقق
942 ## - عناصر المدخل الإضافي( كوها)
مصدر التصنيف او مخطط الترفيف Dewey Decimal Classification
Koha [default] item type كتاب
Holdings
حالة التراجع حالة الفقد حالة تلف ليس للاعارة المكان المؤقت الموقع الحالى تاريخ الاكتساب اجمالي اﻻعارات رقم الطلب الباركود تاريخ اخر مشاهدة تاريخ تفعيل السعر نوع وعاء كوها
        مكتبة القاهرة الكبرى مكتبة القاهرة الكبرى 03/26/2014   512.001\ق ص 114038 03/26/2014 03/26/2014 كتاب

Powered By

EGPV